00503 a2200181 450000100060000002000160000604000370002210000280005924000360008724500310012330000080015436200090016244000110017165000260018294200070020895200890021599900170030473610 a850106548-X cAnchieta - Colégio São Paulo aPinto, Margarida Rebelo10aNão há coincidênciaslpor10aNão há coincidências a2860 a2000 1aRecord 4aFicção portuguesa cBK 00104070a88.1b88.1d2023-11-22l0p3875/CSPr2023-11-22 14:30:21w2023-11-22yBK c73610d73610